<?xml version="1.0" encoding="UTF-8"?>
<record
    xmlns:xsi="http://www.w3.org/2001/XMLSchema-instance"
    xsi:schemaLocation="http://www.loc.gov/MARC21/slim http://www.loc.gov/standards/marcxml/schema/MARC21slim.xsd"
    xmlns="http://www.loc.gov/MARC21/slim">

  <leader>01883nam a22002297a 4500</leader>
  <controlfield tag="003">0</controlfield>
  <controlfield tag="005">20241012100717.0</controlfield>
  <controlfield tag="008">241012b        xxu||||| |||| 00| 0 eng d</controlfield>
  <datafield tag="020" ind1=" " ind2=" ">
    <subfield code="a">9780367186845</subfield>
  </datafield>
  <datafield tag="050" ind1=" " ind2=" ">
    <subfield code="a">PN 1995</subfield>
    <subfield code="b">.B46 2024</subfield>
  </datafield>
  <datafield tag="100" ind1=" " ind2=" ">
    <subfield code="a">Benshoff, Harry M.,</subfield>
    <subfield code="e">author.</subfield>
  </datafield>
  <datafield tag="245" ind1=" " ind2=" ">
    <subfield code="a">Film and television analysis :</subfield>
    <subfield code="b">an introduction to methods, theories, and approaches /</subfield>
    <subfield code="c">Harry M. Benshoff ; with Caryn Murphy.</subfield>
  </datafield>
  <datafield tag="250" ind1=" " ind2=" ">
    <subfield code="a">2nd ed.</subfield>
  </datafield>
  <datafield tag="260" ind1=" " ind2=" ">
    <subfield code="a">New York, NY :</subfield>
    <subfield code="b">Routledge,</subfield>
    <subfield code="c">2024.</subfield>
  </datafield>
  <datafield tag="300" ind1=" " ind2=" ">
    <subfield code="a">xviii, 430 p. :</subfield>
    <subfield code="b">col. ill. ;</subfield>
    <subfield code="c">26 cm.</subfield>
  </datafield>
  <datafield tag="504" ind1=" " ind2=" ">
    <subfield code="a">Includes bibliographical references and index.</subfield>
  </datafield>
  <datafield tag="520" ind1=" " ind2=" ">
    <subfield code="a">"This fully revised second edition textbook is especially designed to introduce undergraduate students to the most important qualitative methodologies used to study film and television. The methodologies covered in Film and Television Analysis include: ideological analysis, auteur theory, genre theory, semiotics and structuralism, psychoanalysis and apparatus theory, feminism, postmodernism, cultural studies (including reception and audience studies), and contemporary approaches to race, nation, gender, and sexuality. With each chapter focusing on a distinct methodology, students are introduced to the historical developments of each approach, along with its vocabulary, significant scholars, key concepts and case studies. Features of the second edition include: new and updated case studies to accompany each chapter over 130 color images throughout questions for discussion at the end of each chapter suggestions for further reading a glossary of key terms Written in a reader-friendly manner Film and Television Analysis is a vital textbook for students encountering these concepts for the first time"--Provided by publisher.</subfield>
  </datafield>
  <datafield tag="650" ind1=" " ind2=" ">
    <subfield code="a">Film criticism.</subfield>
  </datafield>
  <datafield tag="650" ind1=" " ind2=" ">
    <subfield code="a">Television criticism.</subfield>
  </datafield>
  <datafield tag="700" ind1=" " ind2=" ">
    <subfield code="a">Murphy, Caryn,</subfield>
    <subfield code="e">author.</subfield>
  </datafield>
  <datafield tag="942" ind1=" " ind2=" ">
    <subfield code="2">lcc</subfield>
    <subfield code="c">BK</subfield>
  </datafield>
  <datafield tag="999" ind1=" " ind2=" ">
    <subfield code="c">366524</subfield>
    <subfield code="d">366524</subfield>
  </datafield>
  <datafield tag="952" ind1=" " ind2=" ">
    <subfield code="0">0</subfield>
    <subfield code="1">0</subfield>
    <subfield code="2">lcc</subfield>
    <subfield code="4">0</subfield>
    <subfield code="a">CL</subfield>
    <subfield code="b">CL</subfield>
    <subfield code="c">RES</subfield>
    <subfield code="d">2024-10-12</subfield>
    <subfield code="e">Library Fund</subfield>
    <subfield code="l">0</subfield>
    <subfield code="o">PN 1995 .B46 2024</subfield>
    <subfield code="p">C23791</subfield>
    <subfield code="r">2024-10-12 00:00:00</subfield>
    <subfield code="w">2024-10-12</subfield>
    <subfield code="y">BK</subfield>
  </datafield>
</record>
